|
|
|
|
| LEADER |
01119cam a2200253 7i4500 |
| 001 |
0000009949 |
| 005 |
20210104090000.0 |
| 020 |
|
|
|a 030908864X
|
| 090 |
0 |
0 |
|a RA643.5
|b .M58 2003
|
| 245 |
0 |
0 |
|a Microbial threats to health :
|b emergence, detection and response
|c Mark S. Smolinski, Margaret A. Hamburg, and Joshua Lederberg, editor(s) ; Committee on Emerging Microbial Threats to Health in the 21st Century, Board on Global Health.
|
| 260 |
|
|
|a Washington, DC:
|b National Academies Press,
|c 2003.
|
| 300 |
|
|
|a xxviii, 367 p.:
|b ill.;
|c 23 cm.
|
| 504 |
|
|
|a Includes bibliographical references and index
|
| 650 |
0 |
0 |
|a Communicable diseases, Emerging --
|x Epidemiology
|
| 650 |
0 |
0 |
|a Communicable diseases --
|z United States
|
| 650 |
0 |
0 |
|a Public health --
|z United States
|
| 700 |
1 |
|
|a Hamburg, Margaret A
|
| 700 |
1 |
|
|a Smolinski, Mark S
|
| 700 |
1 |
|
|a Lederberg, Joshua
|
| 710 |
2 |
|
|a Institute of Medicine (U.S.)
|
| 997 |
|
|
|a Health Sciences, Faculty
|
| 998 |
|
|
|a Medical Laboratory Technology, Degree
|
| 998 |
|
|
|a Medical Laboratory Technology, Diploma
|
| 999 |
|
|
|a 0000016196
|b BOK
|c OPEN SHELF
|e 1st Floor, Shah Alam
|